| 000 | 00396nam a2200133Ia 4500 | ||
|---|---|---|---|
| 008 | 180925s9999 xx 000 0 und d | ||
| 020 | _a9789814646109 | ||
| 100 | _aCooper, Donald R. | ||
| 245 |
_cDonald R. Cooper, Pamela S. Schindler.-- _aBusiness research methods / |
||
| 250 | _a12th ed | ||
| 260 |
_aUSA : _bMcGraw Hill _c2014 |
||
| 300 | _axxvi, 692 pages. | ||
| 650 | _aBusiness -- research. | ||
| 999 |
_c358867 _d358867 |
||